01921cam a22003614a 450000100090000000300090000900500170001800800410003502000150007604000330009108200280012424500910015226000290024330000200027250506290029259000260092165000480094765000300099565100300102565100440105570000280109970000300112770000290115770000300118670000440121670000430126070000450130371000110134891000410135994200120140095201300141299900170154212809596DO-SdBPM20250507125426.0020506s2002 sp a 000 0dspa  a8423997219 aDO-SdBPMbspacBPMSUd erda 4a946.083bH673e 199922200aHistoria de España :bLa España del siglo XVII /cFeliciano Montero ... [y otros] aMadrid :bEspasa, c1999 av. ;c27 cm.b 0 av.6 : La España del siglo XVII : Los Austrias Menores, política y cultura en la edad moderna -- v. 7 : La España de la ilustración : Los Borbones y el Siglo XVIII -- v. 8 : La España de Fernando VII : La crisis del antiguo régimen (1808-1833) -- v.9 : La era de los navegantes viajes y descubrimientos -- v.10 : Restauración y regencia : La España canovista (1875-1902) -- v. 14 : La España de Juan Carlos I : Transición y democracia (1975-1999) -- v. 11 : Dos mundos frente a frente, la conquista de América -- v. 12 : República y guerra civil : La crisis de la España contempránea (1931-1939).  aInventariado, 2025/VM 4aSociología cristianaxHistoriay1875-1902 4aIlustraciónzEspaña.  4aEspañaxHistoria yXVII 4aEspaña xCivilización ySiglo XVII1 aCarr, Raymond eautor 1 aFusi, Juan Pablo eautro 1 a Palafox, Jordi eautor 1 aMontero, Felicianoeautor1 aMartínez de Velazco, Ángel eautor 1 aFernanández Díaz, Roberto eautor 1 aRicardo, Martín edirector de la obra 2 aSalvat aVMateo V. Control de calidad. BPMSU  2ddccBK 00102ddc40708CGaBPMETbBPMETd2025-05-07l0oBPMSU CG 946.083 H673e 1999pBPMSU25050001r2025-05-07tv.6w2025-05-07yBK c15034d15034